| 000 | 00758nam a22002897a 4500 | ||
|---|---|---|---|
| 001 | 00262 | ||
| 003 | DO-SdBNP | ||
| 005 | 20180201102421.0 | ||
| 007 | 00262 | ||
| 008 | 151207b 1996 sp 0| 0 spa d | ||
| 020 | _a | ||
| 040 |
_aBPMSU _bspa _cBPMSU |
||
| 041 |
_aspa _h |
||
| 092 |
_axxxxx _bxxxxx |
||
| 100 | 1 |
_aStine, R. L., _d1943- |
|
| 240 | 1 | 0 | _a |
| 245 |
_aSangre de monstruo / _cR. L. Stine ; traducción María Rabassa |
||
| 260 |
_aBarcelona : _bEdiciones B, _bEl periódico, _c1995. |
||
| 300 |
_a142 p. ; _c19 cm. |
||
| 490 | 1 |
_aPesadillas _v7 |
|
| 700 | 1 | 2 |
_aRabassa, María _dtr. |
| 830 | 0 |
_aPesadillas _n7 |
|
| 910 | _a00260 | ||
| 942 |
_2ddc _cBK |
||
| 945 | _aInventariado, 2018/ YL | ||
| 956 |
_aVMATEO _b10 _c20160815 _dBPMSU _f00069 |
||
| 999 |
_c9013 _d9013 |
||